FORENSIC MEDICINE (Record no. 1626)

MARC details
000 -LEADER
fixed length control field 00352nam a2200145Ia 4500
008 - FIXED-LENGTH DATA ELEMENTS--GENERAL INFORMATION
fixed length control field 150201s2012 xx 000 0 und d
082 ## - DEWEY DECIMAL CLASSIFICATION NUMBER
Classification number 614.1
Item number F12G
100 ## - MAIN ENTRY--PERSONAL NAME
Personal name GUHARAJ, P.V.
245 ## - TITLE STATEMENT
Title FORENSIC MEDICINE
250 ## - EDITION STATEMENT
Edition statement 2ND
260 ## - PUBLICATION, DISTRIBUTION, ETC. (IMPRINT)
Name of publisher, distributor, etc. UNIVERSITY PRESS
Place of publication, distribution, etc. HYD, INDIA
Date of publication, distribution, etc. 2012
300 ## - PHYSICAL DESCRIPTION
Extent 1-471
650 ## - SUBJECT ADDED ENTRY--TOPICAL TERM
Topical term or geographic name as entry element FORENSIC MEDICINE
942 ## - ADDED ENTRY ELEMENTS (KOHA)
Source of classification or shelving scheme Dewey Decimal Classification
Koha item type Books
Koha issues (borrowed), all copies 1
Holdings
Withdrawn status Lost status Source of classification or shelving scheme Damaged status Not for loan Collection code Home library Current library Shelving location Date acquired Source of acquisition Cost, normal purchase price SGTU Bill Number Total Checkouts Full call number Barcode Date last seen Date last checked out Bill Date Koha item type
    Dewey Decimal Classification     MEDICAL SGT Medical Library SGT Medical Library Text Book 23/01/2014 ABC DELHI 595.00 SGTU 4209 1 614.1 F12G FM5701 12/08/2023 28/07/2023 11/02/2014 Books
    Dewey Decimal Classification     MEDICAL SGT Medical Library SGT Medical Library Text Book 23/01/2014 ABC DELHI 595.00 SGTU 4209   614.1 F12G FM5702 09/02/2015   11/02/2014 Books
    Dewey Decimal Classification     MEDICAL SGT Medical Library SGT Medical Library Text Book 14/05/2014 ABC DELHI 595.00 SGTU 4634 2 614.1 F09G FM6158 21/11/2018 31/10/2018 17/07/2014 Books
    Dewey Decimal Classification     MEDICAL SGT Medical Library SGT Medical Library Text Book 14/05/2014 ABC DELHI 595.00 SGTU 4634   614.1 F09G FM6159 09/02/2015   17/07/2014 Books
    Dewey Decimal Classification     NURSING SGT Medical Library SGT Medical Library Text Book 18/07/2013 ABC DELHI 575.00 SGTU 3622   614.1 F09G FN1453 09/02/2015   18/07/2013 Books
    Dewey Decimal Classification     NURSING SGT Medical Library SGT Medical Library Text Book 18/07/2013 ABC DELHI 575.00 SGTU 3622 1 614.1 F09G FN1454 04/01/2019 01/09/2018 18/07/2013 Books
    Dewey Decimal Classification     NURSING SGT Medical Library SGT Medical Library Text Book 18/07/2013 ABC DELHI 575.00 SGTU 3622   614.1 F09G FN1455 09/02/2015   18/07/2013 Books
    Dewey Decimal Classification     NURSING SGT Medical Library SGT Medical Library Text Book 18/07/2013 ABC DELHI 575.00 SGTU 3622   614.1 F09G FN1456 09/02/2015   18/07/2013 Books